| 000 | 00797nam a22002537a 4500 | ||
|---|---|---|---|
| 001 | 1008 | ||
| 005 | 20250213152242.0 | ||
| 020 | _a9780439314343 | ||
| 040 |
_aFISKH _beng _cFISKH _dFISKH |
||
| 050 | _a551.55 | ||
| 082 | _aC237 | ||
| 100 | _aCapeci, Anne. | ||
| 245 |
_aElectric storm / _cwritten by Anne Capeci ; illustrations by Hope Gangloff. |
||
| 260 |
_aNew York : _bScholastic, _c2002. |
||
| 300 |
_a92 pages : _billustrations, _c20 cm. |
||
| 490 |
_3The magic school bus: _aChapter Book |
||
| 505 | _aN | ||
| 520 | _aMrs. Frizzle's class takes to the sky to study electricity via lightning. | ||
| 521 |
_a570
_bLexile |
||
| 521 |
_aN
_bRaz-Plus |
||
| 650 |
_aelectricity _vlightning _xstorms |
||
| 650 |
_aelectricity _vstorms _xlightning |
||
| 942 |
_2ddc _cBK _n0 |
||
| 999 |
_c1008 _d1008 |
||